00970cam a22002651 4500001001300000003000400013005001700017008004100034010001700075035001800092040005100110042001200161050001700173082001200190245010600202260004900308300002400357500013500381504003100516650001600547650004700563710003600610710004100646999001700687l 66000005 DLC20260227111549.0731102s1965 dcu b f000 0 eng c al 66000005  a(OCoLC)733999 aU.S. Dept. of Labor. LibrarycODaUdOCoLCdDLC apremarc00aHD6058b.N69 a331.70200aNew approaches to counseling girls in the 1960's;ba report of the Midwest Regional Pilot Conference. a[Washington,bU.S. Govt. Print. Off.,c1965] aviii, 88 p.c23 cm. a"Cosponsored by: Women's Bureau, U.S. Dept. of Labor [and the] Office of Education, U.S. Dept. of Health, Education, and Welfare." aBibliographical footnotes. 0aCounseling. 0aWomenxVocational guidancezUnited States.1 aUnited States.bWomen's Bureau.1 aUnited States.bOffice of Education. c37242d37242